<?xml version="1.0" encoding="UTF-8"?>
<collection xmlns="http://www.loc.gov/MARC21/slim">
 <record>
  <leader>02126pam a22002538a 4500</leader>
  <controlfield tag="001">00020404</controlfield>
  <controlfield tag="005">20171026081023.0</controlfield>
  <controlfield tag="008">110517s2004                  ||||||Viesd</controlfield>
  <datafield tag="041" ind1="0" ind2="#">
   <subfield code="a">Vie</subfield>
  </datafield>
  <datafield tag="082" ind1="1" ind2="#">
   <subfield code="a">546.071</subfield>
   <subfield code="b">H401H</subfield>
  </datafield>
  <datafield tag="100" ind1="0" ind2="#">
   <subfield code="a">Nguyễn Thế Ngôn</subfield>
  </datafield>
  <datafield tag="245" ind1="0" ind2="0">
   <subfield code="a">Hóa học vô cơ</subfield>
   <subfield code="b">Giáo trình CĐSP</subfield>
   <subfield code="c">Nguyễn Thế Ngôn</subfield>
   <subfield code="n">T.1</subfield>
  </datafield>
  <datafield tag="260" ind1="#" ind2="#">
   <subfield code="a">H.</subfield>
   <subfield code="b">ĐH Sư phạm</subfield>
   <subfield code="c">2004</subfield>
  </datafield>
  <datafield tag="300" ind1="#" ind2="#">
   <subfield code="a">368 tr.</subfield>
   <subfield code="c">24 cm.</subfield>
  </datafield>
  <datafield tag="500" ind1="#" ind2="#">
   <subfield code="a">Bộ GD &amp; ĐT. Dự án đào tạo giáo viên THCS</subfield>
  </datafield>
  <datafield tag="650" ind1=" " ind2=" ">
   <subfield code="a">Hóa học</subfield>
  </datafield>
  <datafield tag="650" ind1=" " ind2=" ">
   <subfield code="a">Hóa vô cơ</subfield>
  </datafield>
  <datafield tag="653" ind1="#" ind2="#">
   <subfield code="a">Giáo trình</subfield>
  </datafield>
  <datafield tag="852" ind1="#" ind2="#">
   <subfield code="b">Kho giáo trình</subfield>
   <subfield code="j">KGT.0006632, KGT.0006633, KGT.0006634, KGT.0006635, KGT.0006636, KGT.0006637, KGT.0006638, KGT.0006639, KGT.0006640, KGT.0006641, KGT.0006642, KGT.0006643, KGT.0006644, KGT.0006645, KGT.0006646, KGT.0006647, KGT.0006648, KGT.0006649, KGT.0006650, KGT.0006651, KGT.0006652, KGT.0006653, KGT.0006654, KGT.0006655, KGT.0006656, KGT.0006657, KGT.0006658, KGT.0006659, KGT.0006660, KGT.0006661, KGT.0006662, KGT.0006663, KGT.0006664, KGT.0006665, KGT.0006666, KGT.0006667, KGT.0006668, KGT.0006669, KGT.0006670, KGT.0006671, KGT.0006672, KGT.0006673, KGT.0006674, KGT.0006675, KGT.0006676, KGT.0006677, KGT.0032620, KGT.0033029, KGT.0033405</subfield>
  </datafield>
  <datafield tag="852" ind1="#" ind2="#">
   <subfield code="b">Kho mượn</subfield>
   <subfield code="j">KGT.0006632</subfield>
  </datafield>
  <datafield tag="852" ind1="#" ind2="#">
   <subfield code="b">Kho đọc</subfield>
   <subfield code="j">KD.0005904</subfield>
  </datafield>
  <datafield tag="852" ind1="#" ind2="#">
   <subfield code="j">KD.0005904</subfield>
   <subfield code="j">KGT.0006647</subfield>
   <subfield code="j">KGT.0006648</subfield>
   <subfield code="j">KGT.0006649</subfield>
   <subfield code="j">KGT.0006651</subfield>
   <subfield code="j">KGT.0006652</subfield>
   <subfield code="j">KGT.0006654</subfield>
   <subfield code="j">KGT.0006655</subfield>
   <subfield code="j">KGT.0006657</subfield>
   <subfield code="j">KGT.0006658</subfield>
   <subfield code="j">KGT.0006660</subfield>
   <subfield code="j">KGT.0006661</subfield>
   <subfield code="j">KGT.0006663</subfield>
   <subfield code="j">KGT.0006665</subfield>
   <subfield code="j">KGT.0006666</subfield>
   <subfield code="j">KGT.0006667</subfield>
   <subfield code="j">KGT.0006669</subfield>
   <subfield code="j">KGT.0006670</subfield>
   <subfield code="j">KGT.0006672</subfield>
   <subfield code="j">KGT.0006673</subfield>
   <subfield code="j">KGT.0006675</subfield>
   <subfield code="j">KGT.0006676</subfield>
   <subfield code="j">KGT.0006632</subfield>
   <subfield code="j">KGT.0006634</subfield>
   <subfield code="j">KGT.0006635</subfield>
   <subfield code="j">KGT.0006637</subfield>
   <subfield code="j">KGT.0006638</subfield>
   <subfield code="j">KGT.0006640</subfield>
   <subfield code="j">KGT.0006641</subfield>
   <subfield code="j">KGT.0006643</subfield>
   <subfield code="j">KGT.0006644</subfield>
   <subfield code="j">KGT.0032620</subfield>
   <subfield code="j">KGT.0006633</subfield>
   <subfield code="j">KGT.0006636</subfield>
   <subfield code="j">KGT.0006639</subfield>
   <subfield code="j">KGT.0006642</subfield>
   <subfield code="j">KGT.0006645</subfield>
   <subfield code="j">KGT.0006646</subfield>
   <subfield code="j">KGT.0006650</subfield>
   <subfield code="j">KGT.0006653</subfield>
   <subfield code="j">KGT.0006656</subfield>
   <subfield code="j">KGT.0006659</subfield>
   <subfield code="j">KGT.0006662</subfield>
   <subfield code="j">KGT.0006664</subfield>
   <subfield code="j">KGT.0006668</subfield>
   <subfield code="j">KGT.0006671</subfield>
   <subfield code="j">KGT.0006674</subfield>
   <subfield code="j">KGT.0006677</subfield>
   <subfield code="j">KGT.0033405</subfield>
   <subfield code="j">KGT.0049150</subfield>
   <subfield code="j">KGT.0033029</subfield>
  </datafield>
  <datafield tag="910" ind1="#" ind2="#">
   <subfield code="a">nhnam</subfield>
   <subfield code="d">17/05/2011</subfield>
  </datafield>
  <datafield tag="980" ind1="#" ind2="#">
   <subfield code="a">Trung tâm Học liệu Lê Vũ Hùng, Trường Đại học Đồng Tháp</subfield>
  </datafield>
 </record>
</collection>
